<?xml version="1.0" encoding="UTF-8"?>
<record
    xmlns:xsi="http://www.w3.org/2001/XMLSchema-instance"
    xsi:schemaLocation="http://www.loc.gov/MARC21/slim http://www.loc.gov/standards/marcxml/schema/MARC21slim.xsd"
    xmlns="http://www.loc.gov/MARC21/slim">

  <leader>00822naa a2200181 i 4500</leader>
  <controlfield tag="001">8682</controlfield>
  <controlfield tag="003">KOSZ 005</controlfield>
  <controlfield tag="005">20180227091216.0</controlfield>
  <controlfield tag="008">180226s2000    gw  |||f| ||||1|| ||eng d</controlfield>
  <datafield tag="040" ind1=" " ind2=" ">
    <subfield code="c">KOSZ 005</subfield>
    <subfield code="a">KOSZ 005/HR</subfield>
  </datafield>
  <datafield tag="100" ind1="1" ind2=" ">
    <subfield code="a">SUSHCH, Volodymyr.</subfield>
    <subfield code="d">1997 - .</subfield>
    <subfield code="b">Politechnika Koszali&#x144;ska - Wydzia&#x142; Budownictwa i In&#x17C;ynierii &#x15A;rodowiska,</subfield>
    <subfield code="c">Katedra Matematyki</subfield>
  </datafield>
  <datafield tag="245" ind1="1" ind2="0">
    <subfield code="a">On discrete models of the wave equations / </subfield>
    <subfield code="c">Volodymyr Sushch.</subfield>
  </datafield>
  <datafield tag="650" ind1=" " ind2="0">
    <subfield code="a">Matematyka.</subfield>
  </datafield>
  <datafield tag="655" ind1=" " ind2="0">
    <subfield code="a">Materia&#x142;y konferencyjne.</subfield>
  </datafield>
  <datafield tag="711" ind1="2" ind2="2">
    <subfield code="a">Equadiff'99</subfield>
    <subfield code="d">(1999 ;</subfield>
    <subfield code="c">Berlin, Niemcy)</subfield>
  </datafield>
  <datafield tag="773" ind1="0" ind2=" ">
    <subfield code="i">W :</subfield>
    <subfield code="t">International Conference on Differential Equations, Berlin, Germany, 1-7 August 1999 / ed. by Bernold Fiedler [et al.].</subfield>
    <subfield code="d">Singapore : World Scientific, 2000. -</subfield>
    <subfield code="g">Vol. 1, s. 354 &#x2013; 356</subfield>
    <subfield code="z">9789810243593</subfield>
  </datafield>
  <datafield tag="942" ind1=" " ind2=" ">
    <subfield code="c">ROZ</subfield>
    <subfield code="2">UKD</subfield>
  </datafield>
  <datafield tag="999" ind1=" " ind2=" ">
    <subfield code="c">8682</subfield>
    <subfield code="d">8682</subfield>
  </datafield>
</record>
